The hidden stairs and the magic carpet / (Record no. 1055)

MARC details
000 -LEADER
fixed length control field 01206pam a22002773a 4500
005 - DATE AND TIME OF LATEST TRANSACTION
control field 20230815141523.0
020 ## - INTERNATIONAL STANDARD BOOK NUMBER
International Standard Book Number 0590108395
040 ## - CATALOGING SOURCE
Original cataloging agency UKM
Transcribing agency UKM
Modifying agency DLC
Language of cataloging eng
050 00 - LIBRARY OF CONGRESS CALL NUMBER
Classification number PZ7.A1587
082 04 - DEWEY DECIMAL CLASSIFICATION NUMBER
Classification number 813.54
Edition number 21
100 1# - MAIN ENTRY--PERSONAL NAME
Personal name Abbott, Tony,
Dates associated with a name 1952-
245 14 - TITLE STATEMENT
Title The hidden stairs and the magic carpet /
Statement of responsibility, etc. by Tony Abbott ; illustrated by Tim Jessell.
260 ## - PUBLICATION, DISTRIBUTION, ETC.
Place of publication, distribution, etc. New York :
-- London :
Name of publisher, distributor, etc. Scholastic,
Date of publication, distribution, etc. 1999.
300 ## - PHYSICAL DESCRIPTION
Extent 80 pages. :
Other physical details illustrations. ;
Dimensions 20 cm.
490 1# - SERIES STATEMENT
Series statement The secrets of Droon ;
Volume/sequential designation 1
505 ## - FORMATTED CONTENTS NOTE
Formatted contents note G <br/>
520 ## - SUMMARY, ETC.
Summary, etc. A hidden door. A magical staircase. Discover the world of Droon! Eric, Julie, and Neal have just found something magic in Eric's basement. They have discovered a staircase to another world! The world of Droon is amazing - full of magic, flying lizards, and fun, furry creatures. But how will Eric, Julie, and Neal find their way home? Maybe their new friend, Princess Keeah, can help?
521 ## - TARGET AUDIENCE NOTE
Target audience note 380 <br/>
Source Lexile <br/>
521 ## - TARGET AUDIENCE NOTE
Target audience note G <br/>
Source Raz-Plus <br/>
655 #7 - INDEX TERM--GENRE/FORM
Genre/form data or focus term Children's stories.
Source of term lcsh
700 1# - ADDED ENTRY--PERSONAL NAME
Personal name Jessell, Tim.
906 ## - LOCAL DATA ELEMENT F, LDF (RLIN)
a 7
b cbc
c copycat
d 2
e ncip
f 19
g y-genrareb
942 ## - ADDED ENTRY ELEMENTS (KOHA)
Source of classification or shelving scheme Dewey Decimal Classification
Koha item type Books
Suppress in OPAC No
999 ## -
-- 1055
-- 1055
Holdings
Withdrawn status Lost status Source of classification or shelving scheme Damaged status Not for loan Collection Home library Current library Shelving location Date acquired Total Checkouts Full call number Barcode Date last seen Date last checked out Price effective from Koha item type
    Dewey Decimal Classification     Fiction Footprints International School Library Network Toul Kork Campus Footprints International School Library Network Toul Kork Campus   07/19/2023 1 ABB Fic PZ7.A1587 FIS00145 01/22/2024 01/15/2024 07/19/2023 Books